[Event "Olympiad Women 2024"]
[Site "Budapest HUN"]
[Date "2024.09.15"]
[Round "5.7"]
[Board "1"]
[White "Mammadzada, Gunay"]
[Black "Osmak, Yuliia"]
[Result "0-1"]
[WhiteElo "2433"]
[BlackElo "2471"]
[PlyCount "54"]
[EventDate "2024.09.11"]
[WhiteTeam "Azerbaijan"]
[BlackTeam "Ukraine"]
[WhiteTeamCountry "AZE"]
[BlackTeamCountry "UKR"]

1. e4 c5 2. Nf3 d6 3. d4 cxd4 4. Nxd4 Nf6 5. Nc3 a6 6. Be3 e5 7. Nb3 Be7 8. f3 Be6 9. Be2 Nbd7 10. a4 ({RR} 10. Qd2 Rc8 11. O-O-O h5 12. h3 h4 13. Kb1 b5 14. a3 Nb6 15. Bxb6 Qxb6 16. Nd5 Bxd5 17. exd5 Nh5 18. Rhe1 Nf4 19. Bf1 Bg5 20. Qa5 Qb7 21. Nd4 O-O 22. Nf5 Rfd8 23. Ne3 Rc5 24. Qb4 Qa7 {0-1 Nazarevich,V (2329)-Aveskulov,V (2504) Evpatoria tt U20 2006 (3)}) ({RR} 10. Qd2 Qc7 11. O-O O-O 12. Rfd1 Bc4 13. Bxc4 Qxc4 14. Nd5 Nxd5 15. Qxd5 Qc7 16. Rac1 Nb6 17. Qa5 Bd8 18. Bxb6 Qxb6+ 19. Qxb6 Bxb6+ 20. Kf1 Be3 21. Rb1 Rac8 22. c3 Rfd8 23. Rd5 Kf8 24. Rbd1 Ke7 {½-½ Matonoha,C (2052)-Ta,V (2089) CZE-chT2B 1617 2016 (6.4)}) 10... Nb6 11. O-O d5 $146 ({RR} 11... Nc4 12. Bxc4 Bxc4 13. Re1 O-O 14. Nd2 Be6 15. a5 Rc8 16. Na4 Rc6 17. Nb6 d5 18. exd5 Nxd5 19. Nxd5 Qxd5 20. c4 Qd3 21. b3 Rd8 22. Ne4 Bb4 23. Qxd3 Rxd3 24. Rad1 Rxd1 25. Rxd1 Bxa5 26. Nd6 {0-1 Baeta,M (2114)-Cunha,E (2222) Rio de Janeiro State-ch 2012 (2)}) 12. exd5 Nbxd5 13. Nxd5 Nxd5 14. Bf2 Qc7 15. Qd2 Rc8 16. c3 Rd8 17. Qc2 O-O 18. Nc1 Nf4 19. Re1 Bg5 20. Nb3 Qc8 21. Nc5 Rd2 22. Qe4 Bd5 23. Qxe5 f6 24. Qe7 Re8 25. Qxe8+ Qxe8 26. Bb5 Qh5 27. Re8+ Kf7 0-1

[Event "Olympiad Women 2024"]
[Site "Budapest HUN"]
[Date "2024.09.15"]
[Round "5.7"]
[Board "2"]
[White "Ushenina, Anna"]
[Black "Fataliyeva, Ulviyya"]
[Result "1/2-1/2"]
[WhiteElo "2417"]
[BlackElo "2378"]
[PlyCount "158"]
[EventDate "2024.09.11"]
[WhiteTeam "Ukraine"]
[BlackTeam "Azerbaijan"]
[WhiteTeamCountry "UKR"]
[BlackTeamCountry "AZE"]

1. Nf3 d5 2. e3 Nf6 3. c4 e6 4. b3 Be7 5. Bb2 O-O 6. Be2 b6 7. cxd5 exd5 8. O-O c5 9. d4 Nc6 10. Nc3 Bb7 11. Rc1 Rc8 12. dxc5 bxc5 13. Na4 Ne4 14. Nd2 Nb4 ({RR} 14... Nb8 15. Nxe4 dxe4 16. Qxd8 Rfxd8 17. Rfd1 Na6 18. Bg4 Rb8 19. Be5 Ra8 20. Bc3 Rxd1+ 21. Rxd1 Rd8 22. Rxd8+ Bxd8 23. Nb2 Be7 24. Be2 Nc7 25. Na4 Bc6 26. Be5 Nd5 27. Bc4 Nb4 28. Nc3 Kf8 29. a3 {½-½ Boda Gyaneshwar (1943)-Marabajan Navas,S (2079) 48th Sitges Open 2024 (8.33)}) 15. a3 Na6 16. Nxe4 dxe4 17. Rc2 $146 ({RR} 17. Qc2 Qd5 18. Rfd1 Qf5 19. Bc4 Nc7 20. Nc3 Rfd8 21. Ne2 h5 22. Ng3 Qg6 23. Qe2 h4 24. Nh5 Ne8 25. h3 Qf5 26. Nf4 Rd6 27. Rxd6 Nxd6 28. Ba6 Rc6 29. Bxb7 Nxb7 30. Rd1 Rd6 31. Rxd6 Bxd6 {½-½ Votruba,P (2340)-Prymula,R (2225) CZE-chT2 9697 1996}) ({RR} 17. Qc2 Qc7 18. Rfd1 f5 19. Bc4+ Kh8 20. Qe2 Nb8 21. Be6 Rce8 22. Qh5 Bf6 23. Rxc5 Qe7 24. Bxf6 Qxf6 25. Rc7 Qxe6 26. Rxb7 f4 27. Nc5 Qc6 28. exf4 Rxf4 29. Rc7 Qg6 30. Qxg6 hxg6 31. Rxa7 e3 {1-0 Biermann,K-Braslavsky,V Ruhrgebiet VK2 9697 1996}) 17... Qxd1 18. Rxd1 Nb8 19. Be5 c4 20. b4 Bc6 21. Nb2 Nd7 22. Bd4 a5 23. Rxc4 axb4 24. axb4 Bd5 25. Rxc8 Rxc8 26. Bg4 Rc7 27. Bxd7 Rxd7 28. Bc5 Bf6 29. Nc4 Rd8 30. Na5 h6 31. g3 Ba8 32. Rxd8+ Bxd8 33. Nb3 Bd5 34. Nd4 Bf6 35. Nf5 Bc6 36. Bd4 Bd7 37. Nxh6+ gxh6 38. Bxf6 Kh7 39. Kf1 Kg6 40. Bh8 Kg5 41. Ke2 Kf5 42. Kd2 Ke6 43. g4 Kd5 44. Bg7 Kc4 45. Bxh6 Kxb4 46. h3 Kc5 47. Ke1 Bb5 48. f4 exf3 49. Kf2 Bc6 50. Bf8+ Kc4 51. h4 Be4 52. h5 Kd5 53. Kg3 Kc4 54. Kf2 Kd3 55. Be7 Kc2 56. Bd8 Kd3 57. Bb6 Kc2 58. Bc7 Kd3 59. Bg3 Kd2 60. Bf4 Kd3 61. Bd6 Kc2 62. Bb4 Kd3 63. Ba5 Kc2 64. Be1 Kd3 65. g5 Kc2 66. Ba5 Kd3 67. Bd8 Kc2 68. g6 fxg6 69. h6 g5 70. Bxg5 Kd3 71. Bf4 Kc4 72. Bg3 Kd5 73. Bh4 Ke6 74. Kg3 Kf7 75. Kf4 Bb7 76. Kf5 Kg8 77. e4 Bxe4+ 78. Kxe4 Kh7 79. Kxf3 Kxh6 1/2-1/2

[Event "Olympiad Women 2024"]
[Site "Budapest HUN"]
[Date "2024.09.15"]
[Round "5.7"]
[Board "3"]
[White "Beydullayeva, Govhar"]
[Black "Buksa, Nataliya"]
[Result "1-0"]
[WhiteElo "2395"]
[BlackElo "2387"]
[PlyCount "129"]
[EventDate "2024.09.11"]
[WhiteTeam "Azerbaijan"]
[BlackTeam "Ukraine"]
[WhiteTeamCountry "AZE"]
[BlackTeamCountry "UKR"]

1. d4 Nf6 2. c4 e6 3. Nf3 d5 4. Nc3 Nbd7 5. cxd5 exd5 6. Bg5 c6 7. e3 h6 8. Bh4 g5 9. Bg3 Nh5 10. Bd3 Nxg3 11. hxg3 Bg7 12. O-O ({RR} 12. Qc2 Nb6 13. O-O-O Qe7 14. Kb1 Be6 15. Rc1 O-O-O 16. Na4 Nxa4 17. Qxa4 Kb8 18. Rc3 Rc8 19. Rhc1 Qd7 20. Nd2 Rc7 21. Nb3 b6 22. Rxc6 Rhc8 23. Bb5 Rxc6 24. Bxc6 Qd6 25. Qb5 Rc7 26. a4 Bf8 {1-0 Girya,O (2476)-Buksa,N (2410) EU-ch rapid (Women) 2019 (3)}) 12... O-O ({RR} 12... Nb6 13. b4 a6 14. a4 Be6 15. Rc1 O-O 16. a5 Nc8 17. Na4 Nd6 18. Nc5 Qe7 19. Ne5 Rfe8 20. f4 f6 21. Ng6 Qc7 22. Qh5 Bf7 23. fxg5 fxg5 24. Rf3 Be6 25. Rcf1 Rad8 26. Ne5 Ne4 27. Nxe4 {1-0 Ding,L (2799)-Santos Latasa,J (2608) San Fermin Masters Final 2021 (1.3)}) 13. b4 a6 ({RR} 13... Nb6 14. a4 Be6 15. Qc2 Qe7 16. Rab1 Rfd8 17. Nd2 Nc4 18. Nxc4 dxc4 19. Bh7+ Kh8 20. Bf5 Bxf5 21. Qxf5 b6 22. Rfc1 a6 23. b5 axb5 24. axb5 Ra5 25. g4 Qe8 26. Rb4 Kg8 27. Rcb1 c5 28. Rxc4 {1-0 Matlakov,M (2657)-Gupta,A (2589) UzChess Cup Challengers 2024 (4.4)}) 14. a4 Re8 $146 ({RR} 14... Qe7 15. b5 a5 16. Qb3 Rd8 17. Rfc1 Nf8 18. Ne2 Bd7 19. Rab1 Qd6 20. bxc6 bxc6 21. Qc2 Rdb8 22. Bf5 Bxf5 23. Qxf5 Nd7 24. Qc2 Rxb1 25. Rxb1 c5 26. Rb5 Bf8 27. Qd2 cxd4 28. Nfxd4 Qa3 29. Qc2 {1-0 Moiseenko,A (2623)-Golubka,P (2479) UKR-ch 88th Lutsk 2019 (3)}) 15. Qc2 Nf6 16. Ne5 Ng4 17. Nxg4 Bxg4 18. a5 Qf6 19. Na4 Rad8 20. Nc5 Bc8 21. g4 h5 22. gxh5 Rd6 23. Qd1 g4 24. g3 Qg5 25. Kg2 Rh6 26. Rh1 Bf8 27. Rh4 Bd6 28. Be2 f5 29. Nd3 Re7 30. Qd2 Reh7 31. Rah1 Rxh5 32. Rxh5 Rxh5 33. Rxh5 Qxh5 34. Kg1 Qh7 35. Nc5 Kf8 36. Bd3 Qe7 37. Kg2 Qh7 38. Kg1 Qe7 39. Qc2 Qg5 40. Kg2 Qh5 41. Kg1 Ke7 42. Qb1 Kf6 43. Qf1 Ke7 44. Qc1 Qh8 45. Na4 Qh6 46. Nb6 Be6 47. Bxa6 f4 48. exf4 Bf5 49. Bf1 Bxb4 50. Qb2 Bxa5 51. Qa3+ Kf7 52. Qxa5 Be4 53. Bg2 Bxg2 54. Kxg2 Qh3+ 55. Kg1 Qh7 56. Qe1 Qd3 57. Qa1 Kf6 58. Nd7+ Kf5 59. Nc5 Qc2 60. Qe1 Kg6 61. Qe6+ Kg7 62. Qe7+ Kh6 63. Qf6+ Kh7 64. Ne6 Qb1+ 65. Kh2 1-0

[Event "Olympiad Women 2024"]
[Site "Budapest HUN"]
[Date "2024.09.15"]
[Round "5.7"]
[Board "4"]
[White "Gaponenko, Inna"]
[Black "Balajayeva, Khanim"]
[Result "1/2-1/2"]
[WhiteElo "2324"]
[BlackElo "2384"]
[PlyCount "92"]
[EventDate "2024.09.11"]
[WhiteTeam "Ukraine"]
[BlackTeam "Azerbaijan"]
[WhiteTeamCountry "UKR"]
[BlackTeamCountry "AZE"]

1. e4 e5 2. Nf3 Nc6 3. d4 exd4 4. Bc4 Nf6 5. e5 d5 6. Bb5 Ne4 7. Nxd4 Bc5 8. Be3 O-O 9. Nxc6 bxc6 10. Bxc5 Nxc5 11. Bxc6 Rb8 12. Qxd5 Qe7 13. O-O Rxb2 14. Nc3 Rxc2 15. Qd4 Ne6 16. Qd3 ({RR} 16. Qe3 Qc5 17. Qxc5 Nxc5 18. Rfc1 Rxc1+ 19. Rxc1 Nd3 20. Rb1 Nxe5 21. Be4 Be6 22. Rb7 f5 23. Bc2 Rd8 24. f4 Ng4 25. Rxc7 Rd2 26. Bd1 Ne3 27. Bf3 Rc2 28. Re7 Rxc3 29. Rxe6 a5 30. h3 Kf7 {1-0 Van Foreest,J (2697)-Matlakov,M (2677) Titled Tue 29th Aug Early 2023 (10)}) 16... Rb2 17. Qe3 ({RR} 17. Nd5 Qc5 18. Rac1 Qd4 19. Qf5 Qh4 20. g3 Nd4 21. Qd3 Qg4 22. Rc4 Nf3+ 23. Kh1 Nxe5 24. Nf6+ gxf6 25. Rxg4+ Bxg4 26. Qa3 Rfb8 27. Bg2 Be2 28. Rg1 Ng4 29. Qxa7 Bc4 30. h3 Nxf2+ 31. Kh2 Bxa2 {½-½ Priyanka,N (2322)-Balajayeva,K (2404) TCh-TUR Super League 2024 (11.35)}) 17... Rd8 $146 ({RR} 17... Qc5 18. Qxc5 Nxc5 19. Rab1 Rc2 20. Nd5 Be6 21. Rfd1 g6 22. a3 Kh8 23. Nb4 Rc3 24. Rbc1 Rxc1 25. Rxc1 Rd8 26. Bf3 Nb3 27. Rxc7 Nd4 28. h4 a5 29. Na6 Nxf3+ 30. gxf3 Rd5 31. Rc5 Rd3 32. Rxa5 {½-½ Bersamina,P (2425)-Sargissian,G (2646) 45th Olympiad 2024 (6.14)}) ({RR} 17... Qa3 18. Rfe1 Bb7 19. Bxb7 Rxb7 20. Rad1 c5 21. Rd3 Qa5 22. f4 Nd4 23. Qe4 Rd7 24. f5 Rfd8 25. Rh3 h6 26. Rg3 Qb6 27. f6 Ne6 28. Rxg7+ {1-0 Vandenbussche,T (2419)-Suvorov,L (2302) Dutch League 2022-23 (5.8)}) 18. Nd5 Qh4 19. g3 Qd4 20. Ne7+ Kh8 21. Nxc8 Rxc8 22. Rad1 Qxe3 23. fxe3 Rd8 24. Rxd8+ Nxd8 25. e6 Nxe6 26. Rxf7 g6 27. Bd5 Rb1+ 28. Kf2 Rb2+ 29. Ke1 Nc5 30. Rxc7 Nd3+ 31. Kf1 a5 32. h4 Nb4 33. e4 Nxd5 34. exd5 Rd2 35. Rc5 Rxa2 36. Ke1 Kg7 37. d6 Kf7 38. Rc7+ Ke6 39. Rxh7 Kxd6 40. Rg7 Ke5 41. Rxg6 a4 42. h5 a3 43. Ra6 Kf5 44. h6 Kg4 45. h7 Rh2 46. Rxa3 Rxh7 1/2-1/2

[Event "Olympiad Women 2024"]
[Site "Budapest HUN"]
[Date "2024.09.15"]
[Round "5.8"]
[Board "1"]
[White "Wagner, Dinara"]
[Black "Cramling, Pia"]
[Result "1/2-1/2"]
[WhiteElo "2452"]
[BlackElo "2425"]
[PlyCount "61"]
[EventDate "2024.09.11"]
[WhiteTeam "Germany"]
[BlackTeam "Sweden"]
[WhiteTeamCountry "GER"]
[BlackTeamCountry "SWE"]

1. d4 d5 2. c4 e6 3. Nf3 Nf6 4. Nc3 Nbd7 5. cxd5 exd5 6. Bg5 c6 7. Qc2 Be7 8. h3 Nf8 9. e3 Ne6 10. Bh4 g6 11. Bd3 Ng7 12. g4 Be6 13. O-O-O Nd7 14. Bg3 O-O 15. Ne5 f6 16. Nxd7 Qxd7 17. Kb1 $146 ({RR} 17. f3 Bd6 18. Qh2 Bxg3 19. Qxg3 f5 20. Qh2 Qe7 21. Rde1 Qh4 22. Qd2 Rae8 {½-½ Rink,C (2067)-Van Baarle,J (2168) Landesliga Nord 1011 2010 (2.3)}) 17... Bd6 18. Bxd6 Qxd6 19. Rdg1 Qd7 20. Ne2 b6 21. Nf4 c5 22. dxc5 Rac8 23. c6 Qxc6 24. Qxc6 Rxc6 25. Rc1 Rfc8 26. Rxc6 Rxc6 27. Bc2 d4 28. exd4 Bxa2+ 29. Kxa2 Rxc2 30. Rf1 Kf7 31. Kb3 1/2-1/2

[Event "Olympiad Women 2024"]
[Site "Budapest HUN"]
[Date "2024.09.15"]
[Round "5.8"]
[Board "2"]
[White "Agrest, Inna"]
[Black "Paehtz, Elisabeth"]
[Result "0-1"]
[WhiteElo "2197"]
[BlackElo "2455"]
[PlyCount "72"]
[EventDate "2024.09.11"]
[WhiteTeam "Sweden"]
[BlackTeam "Germany"]
[WhiteTeamCountry "SWE"]
[BlackTeamCountry "GER"]

1. e4 c6 2. d4 d5 3. e5 Bf5 4. h4 Qc7 5. Nc3 ({RR} 5. h5 c5 6. dxc5 Nc6 7. Nc3 d4 8. Nb5 Qxe5+ 9. Ne2 O-O-O 10. Bf4 Qxc5 11. Ng3 Bxc2 12. Rc1 d3 13. Bxd3 Bxd1 14. Rxc5 Rxd3 15. Nxa7+ Kd7 16. Nxc6 bxc6 17. Bd2 Bg4 18. Ra5 Nf6 19. Rh4 e6 {0-1 Grandelius,N (2668)-Melkumyan,H (2662) Titled Tuesday intern op 5th June blitz 2018 (2)}) 5... h6 ({RR} 5... h5 6. Bd3 Bxd3 7. Qxd3 e6 8. Nf3 Nd7 9. O-O Ne7 10. Bg5 a6 11. Ne2 c5 12. c4 dxc4 13. Qxc4 b5 14. Qc2 Nd5 15. Rac1 c4 16. a3 N7b6 17. Ng3 f5 18. exf6 gxf6 19. Bd2 Qh7 20. Ne4 {1-0 Ivic,V (2582)-Goldbeck,L (2317) GRENKE Chess Open 2024 (3.18)}) 6. Bd3 Bxd3 7. cxd3 $146 ({RR} 7. Qxd3 e6 8. Nce2 c5 9. c3 Nc6 10. Nf3 cxd4 11. cxd4 Nb4 12. Qb5+ Qc6 13. Qxc6+ Nxc6 14. Bd2 Bb4 15. Rc1 Bxd2+ 16. Kxd2 Nge7 17. g4 h5 18. gxh5 Rxh5 19. Ng3 Rh6 20. h5 Kd7 21. Rcg1 Rc8 {1-0 Suvorov,L (2301)-Bruedigam,M (2381) Titled Tue 2nd May Late 2023 (10)}) 7... e6 8. Nf3 h5 9. O-O Nd7 10. a3 Ne7 11. b4 Nf5 12. Ne2 Be7 13. Ng3 Nxh4 14. Nxh4 Bxh4 15. Nxh5 O-O-O 16. g3 Be7 17. Kg2 Rh7 18. Rh1 Rdh8 19. g4 g6 20. Ng3 Rxh1 21. Nxh1 f6 22. f4 Qb6 23. Qe2 Qxd4 24. Ra2 fxe5 25. Rc2 Qb6 26. fxe5 Qd4 27. Nf2 Rh4 28. Qe3 Qxe3 29. Bxe3 Nxe5 30. Bxa7 Nxg4 31. Re2 Kd7 32. Nh3 Nh6 33. Bf2 Rh5 34. Nf4 Rg5+ 35. Kf3 Rf5 36. Bg3 g5 0-1

[Event "Olympiad Women 2024"]
[Site "Budapest HUN"]
[Date "2024.09.15"]
[Round "5.8"]
[Board "3"]
[White "Heinemann, Josefine"]
[Black "Cramling Bellon, Anna"]
[Result "1-0"]
[WhiteElo "2316"]
[BlackElo "2066"]
[PlyCount "47"]
[EventDate "2024.09.11"]
[WhiteTeam "Germany"]
[BlackTeam "Sweden"]
[WhiteTeamCountry "GER"]
[BlackTeamCountry "SWE"]

1. e4 c5 2. Nf3 e6 3. d4 cxd4 4. Nxd4 Nf6 5. Nc3 Nc6 6. Nxc6 bxc6 7. e5 Nd5 8. Ne4 Qc7 9. f4 Qb6 10. a3 a5 11. c4 Ne3 12. Qd3 Nxf1 ({RR} 12... Nf5 13. g4 Nd4 14. Bd2 c5 15. Bc3 Bb7 16. Bg2 d5 17. exd6 f5 18. gxf5 exf5 19. Nxc5 Bxg2 20. Bxd4 Qxd6 21. Rg1 Bc6 22. O-O-O Qxf4+ 23. Be3 Qe5 24. Bd4 Qf4+ 25. Rd2 Bxc5 26. Bxc5 Kf7 27. Rf1 {½-½ Adharsh K (2077)-Yilmaz,B (2280) 17th Paracin Open A 2024 (2.45)}) 13. Rxf1 a4 $146 ({RR} 13... Ba6 14. b3 Rb8 15. Rb1 Be7 16. g4 O-O 17. g5 Rfd8 18. Ke2 c5 19. Rg1 Qc6 20. Nf6+ Bxf6 21. gxf6 g6 22. Bd2 d5 23. Qh3 dxc4 24. Qh6 c3+ 25. Kf2 Rxd2+ 26. Kg3 Rd3+ 27. Kh4 Rh3+ 28. Kxh3 {1-0 Kruckenhauser,A (2307)-Dreev,A (2623) Titled Tuesday intern op 24th May Late blitz 2022 (6)}) ({RR} 13... Ba6 14. Rf2 Be7 15. Be3 c5 16. O-O-O O-O 17. Nc3 Rad8 18. f5 f6 19. exf6 Bxf6 20. Ne4 exf5 21. Qd5+ Qe6 22. Nxf6+ gxf6 23. Rxf5 Bxc4 24. Qxe6+ dxe6 25. Rxd8 Rxd8 26. Rxf6 Bb3 27. Rf1 a4 28. Bh6 {0-1 Paravyan,D (2617)-Caruana,F (2786) Chess.com Rapid Wk16 Swiss 2022 (6)}) 14. Be3 Qxb2 15. Rb1 Qxa3 16. Qe2 Ba6 17. Bc1 Qe7 18. Nd6+ Kd8 19. Qb2 Qh4+ 20. g3 Bxd6 21. gxh4 Bc5 22. Qc2 a3 23. Rf3 Kc7 24. Bxa3 1-0

[Event "Olympiad Women 2024"]
[Site "Budapest HUN"]
[Date "2024.09.15"]
[Round "5.8"]
[Board "4"]
[White "Valcu, Lavinia"]
[Black "Schulze, Lara"]
[Result "0-1"]
[WhiteElo "2076"]
[BlackElo "2283"]
[PlyCount "44"]
[EventDate "2024.09.11"]
[WhiteTeam "Sweden"]
[BlackTeam "Germany"]
[WhiteTeamCountry "SWE"]
[BlackTeamCountry "GER"]

1. d4 Nf6 2. Bg5 d5 3. Nd2 c5 4. dxc5 Nbd7 ({RR} 4... e6 5. e4 h6 6. Bh4 dxe4 7. Nxe4 Qa5+ 8. Nd2 Qxc5 9. Ngf3 Nbd7 10. Bd3 b6 11. Qe2 Bb7 12. O-O-O Be7 13. Kb1 Rc8 14. Rhe1 O-O 15. g4 Rfd8 16. g5 hxg5 17. Bxg5 Nd5 18. Rg1 Bxg5 19. Rxg5 {0-1 Karjakin,S (2752)-Aronian,L (2781) Skilling op Prelim rapid 2020 (14)}) 5. c4 ({RR} 5. Nb3 e6 6. e4 dxe4 7. Bb5 a6 8. Bxd7+ Bxd7 9. Ne2 h6 10. Be3 Nd5 11. Bd4 Qg5 12. O-O e5 13. c4 exd4 14. cxd5 d3 15. Ng3 Qxd5 16. Nxe4 O-O-O 17. Nc3 Qf5 18. Nd4 Qxc5 19. Qxd3 Bg4 {½-½ Terry,R (2514)-Ivic,V (2592) Titled Tue 6th Aug Late 2024 (8)}) 5... Nxc5 6. Bxf6 exf6 7. b4 $146 ({RR} 7. cxd5 Qxd5 8. e4 Nd3+ 9. Bxd3 Qxd3 10. Qe2 Qxe2+ 11. Nxe2 Bd7 12. Rc1 Rd8 13. Nc3 Bc6 14. Nc4 b6 15. a3 g6 16. O-O Bh6 17. Rcd1 O-O 18. g3 Rfe8 19. Nd6 Rf8 20. f4 Rd7 21. Ndb5 Rfd8 {1-0 Szabo,L (2185)-Dudas,E (2215) HUN-chT 1011 2010 (6)}) 7... Ne6 8. e3 Be7 9. Ngf3 O-O 10. Qb3 d4 11. e4 a5 12. b5 f5 13. Bd3 Nc5 14. Qc2 fxe4 15. Nxe4 Nxd3+ 16. Qxd3 Bb4+ 17. Nfd2 Bf5 18. O-O-O Rc8 19. Kb1 Qe7 20. f3 Bc3 21. Qc2 Qb4+ 22. Nb3 Bxe4 0-1

[Event "Olympiad Women 2024"]
[Site "Budapest HUN"]
[Date "2024.09.15"]
[Round "5.9"]
[Board "1"]
[White "Dolgova, Olga"]
[Black "Khademalsharieh, Sarasadat"]
[Result "0-1"]
[WhiteElo "2171"]
[BlackElo "2468"]
[PlyCount "80"]
[EventDate "2024.09.11"]
[WhiteTeam "Norway"]
[BlackTeam "Spain"]
[WhiteTeamCountry "NOR"]
[BlackTeamCountry "ESP"]

1. d4 {Meier,Georg} Nf6 2. Bf4 d5 3. e3 e6 4. Nf3 c5 5. Nbd2 Nc6 6. c3 cxd4 ({RR} 6... Bd6 7. Bg3 O-O 8. Bd3 b6 9. Qe2 Bb7 10. Rd1 Re8 11. e4 Be7 12. e5 Nh5 13. a3 g6 14. Nf1 f5 15. exf6 Bxf6 16. Ne3 e5 17. dxe5 Nxe5 18. Nxe5 Nxg3 19. hxg3 Rxe5 20. Bc4 b5 21. Bxb5) 7. Nxd4 ({RR} 7. exd4 Nh5 8. Bg5 f6 9. Be3 Bd6 10. g3 O-O 11. Bg2 f5 12. Ne5 ({RR} 12. Ng5 Qe8 13. f4) 12... f4 13. Qxh5 fxe3 14. fxe3 Nxe5 ({RR} 14... Bxe5 15. dxe5 Bd7 16. Qe2 Nxe5 17. Nf3 Nxf3+ 18. Bxf3 Qa5 19. a4 b5) 15. dxe5 Bc5 16. Rf1 Bxe3 17. Rxf8+ Qxf8 18. Qf3 Qxf3 19. Nxf3 Bd7 20. Rd1 Rf8 ({RR} 20... Bb6 21. c4 Rc8 22. cxd5 Rc2) 21. c4 ({RR} 21. Ke2 Bb6 22. c4 Rf7 ({RR} 22... Kf7 23. Nd4 dxc4 24. Rf1+ Ke7 25. Rxf8 Kxf8 26. Ke3 Bc7 27. Bxb7 Bxe5 28. Ba6) 23. cxd5 Bb5+ 24. Ke1 exd5 25. Rxd5 Bc4 26. Nd2 Bxa2 27. b3) 21... Bc6 {½-½ Giri,A (2771)-So,W (2794) London Classic 8th 2016 (4)} {RR} 22. Ke2 Bb6 23. Nd4 Bxd4 24. Rxd4 Rf5 25. cxd5 Rxe5+ 26. Kd3 exd5 27. Rf4 Re1 28. Rf2) 7... Be7 $146 ({RR} 7... Nxd4 8. exd4 a6 9. Bd3 Bd6 10. Bg3 O-O 11. O-O b5 12. Nf3 Bb7 13. Ne5 Nd7 14. Nxf7 Rxf7 15. Bxd6 Qb6 16. Bg3 Rc8 17. Qd2 Nf6 18. Rfe1 Qc6 19. Rac1 Rcf8 20. f3 Nd7 21. Be5 Nb6 22. f4 {½-½ Podvrsnik,L (1799)-Janko,M (1518) SLO-chT U16 Murska Sobota 2018 (1)}) ({RR} 7... Bd6 8. Bxd6 Qxd6 9. Be2 e5 10. Nc2 Bf5 11. O-O O-O 12. Nf3 Rfd8 13. Nh4 Bxc2 14. Qxc2 Rac8 15. Rad1 Qe6 16. Qa4 e4 17. g3 Ne5 18. f4 exf3 19. Bxf3 Nxf3+ 20. Rxf3 Rc4 21. Qc2 Re4 22. Ng2 {0-1 Suarez Paz,A (1828)-Pereira Gonzalez,M (1595) Collado Villalba op 39th 2022 (8)}) ({RR} 7... Bd6 8. N2f3 O-O 9. Bg3 Qe7 10. Bd3 e5 11. Nf5 Bxf5 12. Bxf5 Rad8 13. O-O e4 14. Nd4 Bxg3 15. hxg3 Ne5 16. Qe2 h5 17. Bh3 g6 18. Rad1 Rfe8 19. Rd2 Nh7 20. f4 {½-½ Larino Nieto,D (2454)-Del Rey,D (2363) Elgoibar 30th 2021 (2)}) 8. Bd3 O-O 9. O-O Nd7 10. Bg3 e5 11. Nf5 Bf6 12. Bc2 Nb6 13. e4 Bxf5 14. exf5 e4 15. Bf4 Re8 16. Qh5 Rc8 17. Rae1 Ne5 18. f3 Nd3 19. Bxd3 exd3 20. g4 g6 21. fxg6 hxg6 22. Qh3 Nc4 23. Nxc4 dxc4 24. Qg2 b5 25. Qd2 Qd5 26. Kg2 b4 27. Rxe8+ Rxe8 28. Re1 Rc8 29. Rc1 Qa5 30. Bd6 Bg5 31. f4 Qd5+ 32. Kg1 Bd8 33. Be5 Bb6+ 34. Bd4 bxc3 35. bxc3 Bxd4+ 36. cxd4 Qxd4+ 37. Qf2 Qxf2+ 38. Kxf2 d2 39. Ra1 Re8 40. Rd1 c3 0-1

[Event "Olympiad Women 2024"]
[Site "Budapest HUN"]
[Date "2024.09.15"]
[Round "5.9"]
[Board "2"]
[White "Garcia Martin, Marta"]
[Black "Stanford, Sheila Barth"]
[Result "1/2-1/2"]
[WhiteElo "2318"]
[BlackElo "2175"]
[PlyCount "104"]
[EventDate "2024.09.11"]
[WhiteTeam "Spain"]
[BlackTeam "Norway"]
[WhiteTeamCountry "ESP"]
[BlackTeamCountry "NOR"]

1. e4 c5 2. Nf3 d6 3. d4 cxd4 4. Nxd4 Nf6 5. Nc3 a6 6. h3 e5 7. Nf3 h6 8. Bc4 Be6 9. Bb3 Nbd7 10. Be3 Qc7 ({RR} 10... Be7 11. Nh4 O-O 12. O-O Rc8 13. Qf3 Nc5 14. Bxc5 Rxc5 15. Nf5 Qc7 16. Rad1 Rc8 17. Rd3 b5 18. Ne3 Bf8 19. Rfd1 a5 20. Ned5 Nxd5 21. Nxd5 Qb7 22. a3 a4 23. Ba2 Rxc2 24. R3d2 Rxd2 25. Rxd2 {0-1 Bolat,I (2264)-Bocharov,D (2526) Titled Tue 6th Aug Early 2024 (7)}) 11. O-O Be7 12. Nh4 Bxb3 $146 ({RR} 12... O-O 13. Nf5 Bxf5 14. exf5 b5 15. Qe2 Nb6 16. Bxb6 Qxb6 17. a4 Rab8 18. axb5 axb5 19. Nd5 Nxd5 20. Bxd5 Bf6 21. Rfd1 Rfc8 22. c3 Rc7 23. Be4 b4 24. c4 b3 25. Ra3 Qc5 26. Bd5 e4 27. Ra4 {0-1 Anand,V (2759)-Vachier Lagrave,M (2789) Paris GCT blitz 2018 (3)}) 13. cxb3 g6 14. Rc1 Qd8 15. Nf3 Kf8 16. b4 Kg7 17. a3 b5 18. Nd2 Rc8 19. Nb3 Nb6 20. Bxb6 Qxb6 21. Na5 Bd8 22. Qf3 Qb8 23. Nb3 Bb6 24. Rcd1 Rhe8 25. Rd3 Re6 26. Qe2 Rc4 27. Nd2 Rc8 28. g3 Bd4 29. Nb3 Rc4 30. Na5 Rc8 31. Nd5 Qa7 32. Kg2 Bb6 33. Nb3 Nxd5 34. Rxd5 Rf6 35. f3 Rc4 36. Rfd1 Qc7 37. Qd3 Rc2+ 38. Rd2 Rxd2+ 39. Qxd2 Ba7 40. Qc1 Qb6 41. Qe1 Re6 42. Rd1 Re7 43. Qd2 f5 44. Nc1 fxe4 45. fxe4 Rf7 46. Nd3 Qb7 47. Qe2 Rc7 48. Re1 Rc4 49. Qf3 Rc2+ 50. Kh1 Qf7 51. Qxf7+ Kxf7 52. Rc1 Rxc1+ 1/2-1/2

[Event "Olympiad Women 2024"]
[Site "Budapest HUN"]
[Date "2024.09.15"]
[Round "5.9"]
[Board "3"]
[White "Ni, Viktorija"]
[Black "Vega Gutierrez, Sabrina"]
[Result "1/2-1/2"]
[WhiteElo "2163"]
[BlackElo "2374"]
[PlyCount "120"]
[EventDate "2024.09.11"]
[WhiteTeam "Norway"]
[BlackTeam "Spain"]
[WhiteTeamCountry "NOR"]
[BlackTeamCountry "ESP"]

1. d4 d5 2. c4 e6 3. Nf3 a6 4. e3 Nf6 5. Nc3 Nbd7 6. Qc2 dxc4 7. a4 b6 8. Bxc4 Bb7 9. e4 $146 ({RR} 9. O-O Bb4 10. Rd1 O-O 11. Bd3 Qe7 12. e4 e5 13. d5 Nc5 14. Bg5 Nxd3 15. Qxd3 h6 16. Be3 Nd7 17. Nd2 Bd6 18. Nc4 Kh7 19. f4 g6 20. Rf1 exf4 21. Nxd6 cxd6 22. Rxf4 Ne5 23. Qe2 b5 {1-0 Skrbec,L (2218)-Lavrencic,M (2299) 28th HIT Open 2024 (9.11)}) 9... c5 10. d5 exd5 11. exd5 Bd6 12. O-O O-O 13. Bg5 Re8 14. Rfe1 h6 15. Bh4 Rxe1+ 16. Rxe1 Qf8 17. Qd3 g6 18. Ne4 Nxe4 19. Qxe4 Qg7 20. b3 Nf6 21. Qd3 Rd8 22. Bg3 Bxg3 23. hxg3 b5 24. axb5 axb5 25. Bxb5 Bxd5 26. Bc4 Qf8 27. Rd1 Qe7 28. Qd2 Kg7 29. Qd3 Rd7 30. Bxd5 Rxd5 31. Qc2 Rxd1+ 32. Qxd1 Qe4 33. Nd2 Qd3 34. Qc1 Ng4 35. Nf1 Qd4 36. Qd2 Qa1 37. Qc2 Qd4 38. Qd2 Qe5 39. Qd1 h5 40. Qd2 Kh7 41. Qd7 Qf6 42. Qd2 Qe6 43. Qc2 Qd5 44. Qc3 Kg8 45. Qc2 Kf8 46. Qd2 Qe5 47. Qd8+ Kg7 48. Qd2 Nf6 49. Qe3 Qf5 50. Qc3 Kg8 51. f3 Qe6 52. Qxc5 Qxb3 53. Qe5 Nd5 54. Qe8+ Kg7 55. Qe5+ Kh7 56. Qd4 Nc3 57. Kh2 Ne2 58. Qd2 Qb5 59. Qe3 Nd4 60. Qxd4 Qxf1 1/2-1/2